Chaîne de Mots : de Marseille à Paris - Villes de France - Statistiques

Statistiques générales
  • Ce quiz a été pris 99 fois
  • Le résultat moyen est 16 sur 26
Statistiques - réponses
Indice Ville % Correct
La cité phocéenne Marseille
99%
Ville au bord du lac Léman où furent signés les accords marquant la fin de la guerre d'Algérie Évian-les-Bains
87%
La ville lumière Paris
85%
Allez les verts ! Saint-Étienne
81%
Une certaine pucelle la libéra en 1429 Orléans
80%
Ville occitane surnommée la ville rose, et sous le pont Neuf coule la Garonne Toulouse
80%
Ville du parlement européen mais aussi donnant son autre nom à la knack Strasbourg
78%
Ville côtière corse où naquit Napoléon Bonaparte Ajaccio
76%
Petite ville du pays basque français ayant donné son nom à un piment dont elle a fait sa spécialité Espelette
75%
Commune normande réputée pour ses falaises blanches de craie Étretat
72%
Ville de Brassens, des tielles, et de "Demain nous appartient" sur le littoral héraultais Sète
71%
Ville côtière bretonne célèbre pour ses remparts Saint-Malo
68%
Plus grande ville et capitale de la Nouvelle-Calédonie Nouméa
67%
Préfecture du département des Hautes-Alpes Gap
61%
Ville du Grand-Est connue pour ses images Épinal
60%
Cité médiévale languedocienne refaçonnée par Eugène Viollet-le-Duc au XIXème siècle Carcassonne
59%
Importante ville du Limousin dont la cathédrale eut droit à un chantier de 615 ans Limoges
58%
Plus grande ville et préfecture de l'Indre-et-Loire Tours
53%
Préfecture du Cantal, mais aussi capitale du parapluie Aurillac
52%
Ville traversée par l'Iton et préfecture de l'Eure, on peut y admirer sa cathédrale dans un miroir d'eau Évreux
49%
Capitale du Périgord Noir également connue pour son pensionnat Sarlat-la-Canéda
46%
La bataille portant le nom de cette ville fut remportée par les prussiens en 1870 entraîna la chute de Napoléon III Sedan
44%
Ville de l'Essonne ayant un homophone dans le Var, et contrairement à ce qu'on pourrait penser, elle ne date pas d'hier Yerres
39%
Ville de l'Essonne et ancienne place forte royale Étampes
24%
Deuxième plus grande commune insulaire de métropole après l'île d'Yeu Ouessant
24%
Ville étant la plus peuplée commençant par "X", située dans les Vosges Xertigny
11%
Aucun quiz correspondant
Distribution des résultats
% des personnes avec chaque résultat
Percentile par nombre de réponses
Votre historique - résultats
Vous n’avez pas pris ce quiz